000 00467nam a2200169Ia 4500
008 230720s9999 xx 000 0 und d
020 _a9789352136049
041 _aeng
082 _a006.32
_bPAT
100 _aPatterson J.
_9114454
245 _aDeep Learning
_bA Practitioner's Approach
260 _c2017
_bSPD/O'Reilly
300 _a507
365 _cRs.
_b2050
700 _aPatterson J. & Gibson A.
906 _dO:0793311-Mar-2023B:29708-Mar-2023
_cTE
_b1537.5
999 _c355210
_d355210